| 000 | 00662nam a2200217Ia 4500 | ||
|---|---|---|---|
| 003 | OSt | ||
| 005 | 20241122115939.0 | ||
| 008 | 210716s1999 xx 000 0 und d | ||
| 020 | _a8176353140 | ||
| 040 | _cAIMIT LIBRARY | ||
| 041 | _aeng | ||
| 082 |
_a005.136 _21 _bSCHJ |
||
| 100 |
_aSchmuller, Joseph. _9186041 |
||
| 245 |
_aSams teach yourself uml in 24 hours / _cBy Schmuller, Joseph. |
||
| 250 | _a1st ed. | ||
| 260 |
_aNew Delhi : _bTechmedia ; _c1999. |
||
| 300 |
_axvi,422p. ; _bPB _c23 cm. |
||
| 650 |
_aUnderstanding object orientation _9186042 |
||
| 650 |
_aWorking with collaboration diagrams _9186043 |
||
| 942 |
_2ddc _cBK _e1st ed. _k005.136 SCHJ |
||
| 999 |
_c185301 _d185301 |
||